Polyme ưa nước hóa học và ứng dụng

Nội dung tài liệu bao gồm 10 chương: - Chương I. Poly (Acrylic axit) và dẫn xuất - Chương II. Polyacrylamit - Chương III. Polyetylen oxit - Chương IV. Polyvinyl ancol - Chương V. Polyvinylpyrrolidon - Chương VI. Tinh bột biến tính - Chương VII. Dẫn xuất tan của...

全面介绍

Đã lưu trong:
书目详细资料
主要作者: Nguyễn, Văn Khôi
格式: 图书
语言:Undetermined
出版: Hà Nội Khoa học Tự nhiên và Công nghệ 2007
主题:
标签: 添加标签
没有标签, 成为第一个标记此记录!
Thư viện lưu trữ: Trung tâm Học liệu Trường Đại học Cần Thơ
LEADER 01142nam a2200205Ia 4500
001 CTU_135470
008 210402s9999 xx 000 0 und d
020 |c 55000 
082 |a 547.84 
082 |b Kh452 
100 |a Nguyễn, Văn Khôi 
245 0 |a Polyme ưa nước hóa học và ứng dụng 
245 0 |c Nguyễn Văn Khôi 
260 |a Hà Nội 
260 |b Khoa học Tự nhiên và Công nghệ 
260 |c 2007 
520 |a Nội dung tài liệu bao gồm 10 chương: - Chương I. Poly (Acrylic axit) và dẫn xuất - Chương II. Polyacrylamit - Chương III. Polyetylen oxit - Chương IV. Polyvinyl ancol - Chương V. Polyvinylpyrrolidon - Chương VI. Tinh bột biến tính - Chương VII. Dẫn xuất tan của xenlulozơ - Chương VIII. Pectin - Chương IX. Gốm, chất nhầy và các polysaccarit - Chương X. Một số loại polysaccarit tan nguồn gốc động vật 
650 |a Chemistry, analytic,Polymers 
904 |i Duy Bằng 
980 |a Trung tâm Học liệu Trường Đại học Cần Thơ